Statistiques concernant Bébés de fictions en images

Cliquez ici pour prendre le quiz!

Statistiques générales

  • Ce quiz a été pris 114 fois
  • Le résultat moyen est 4 sur 20

Statistiques - réponses

Réponse% Correct
Maggie Simpson
91%
Hercule
71%
Zizie
54%
Jack-Jack Parr
43%
Tommy "Casse-bonbon" Cornichon
19%
Bébé Sinclair
15%
Stewie Griffin
10%
Benjamin Button
9%
Baby Beel
8%
Poof
8%
Felicia
5%
Bébérénice
4%
Emma Geller-Greene
4%
Puberté Addams
4%
Adam Szalinski
3%
Carlos / Tyler
2%
Noï
2%
Elora Danan
1%
Toupet
1%
Auguste
0%

Distribution des résultats

Percentile par nombre de réponses

% des personnes avec chaque résultat

Votre développement - résultats

Vous n’avez pas pris ce quiz